| 000 | 00987nam a22002897a 4500 | ||
|---|---|---|---|
| 001 | 4550 | ||
| 003 | FISKH | ||
| 005 | 20240916093736.0 | ||
| 008 | 240916b cb ||||| |||| 00| 0 eng d | ||
| 020 | _a9780786836758 | ||
| 040 |
_aFISKH _beng _cFISKH _dFISKH |
||
| 050 | _aPZ7.C677475 | ||
| 082 | _2823.92 | ||
| 100 |
_aColfer, Eoint _d1965- |
||
| 245 |
_aThe artermis fowl files / _cEoint Colfer |
||
| 250 | _aFirst paperback edition in 2008 | ||
| 260 |
_aNew York : _bMiramax Books, _c2008. |
||
| 300 |
_a194 pages : _c18cm |
||
| 505 | _aR | ||
| 520 | _aTwo original short stories, plus puzzles, interviews with characters, and other writings that unlock secrets of the Artemis Fowl books, which feature a twelve-year-old evil genius and his dealings with fairies and other magical beings. | ||
| 521 | 8 |
_a760L
_bLexile |
|
| 521 | 8 |
_aR
_bRaz-Plus |
|
| 650 |
_2Artemis Fowl _aFiction _vYoung adult |
||
| 650 |
_2Crime _aReference |
||
| 942 |
_2ddc _cBK _n0 |
||
| 999 |
_c4550 _d4550 |
||